Conference on education in landscsape architecture : [program]

Saved in:
Bibliographic Details
Corporate Authors: Conference on Education in Landscape Architecture Harvard University), Harvard University.
Format: Book
Language:English
Published: [Cambridge, Mass.] : Harvard University, 1951.
Subjects:
Tags: Add Tag
No Tags, Be the first to tag this record!
LEADER 00768nam a22002057u 4500
001 000000309-3
005 20020606090541.3
008 830127|1951 ||||||| |||| |0||||eng|d
035 0 |a ocm82480658 
111 2 |a Conference on Education in Landscape Architecture  |d (1951 :  |c Harvard University) 
245 0 0 |a Conference on education in landscsape architecture :  |b [program] 
260 0 |a [Cambridge, Mass.] :  |b Harvard University,  |c 1951. 
300 |a [4] p. :  |b map ;  |c 28 cm. 
500 |a Typescript. 
500 |a Conference held June 15, 16, 1951. 
611 2 0 |a Conference on Education in Landscape Architecture  |d (1951 :  |c Harvard University) 
650 0 |a Landscape architecture  |x Study and teaching  |x Congresses. 
710 2 |a Harvard University. 
988 |a 20020608 
906 |0 MH